Quizzes
Events
Quiz Creation
Community
Videos
Private Events
Remove Ads
Sign In
Join for FREE
Feedback
Dark Mode
Quiz Categories
Sports
Geography
Music
Movies
Television
Just For Fun
Miscellaneous
History
Literature
Language
Science
Gaming
Entertainment
Religion
Holiday
For Kids
Quiz Lab
Recent
Popular Today
Quiz Kudos Today
Editor Picks
Curator Picks
Quizzes by...
Day
Popularity
Type
Ratings
Length
Year
Community
Subscriptions
Recent Discussions
Orange Saloon
Badges
Playlists
Quests
Create
Leaderboards
Showdown
Live 5
Trivia Bingo
Activity
Puzzle Library
Sporcle Events
Private Events
Virtual Trivia
Globe League
Become a Host
Pub Owners
SporcleCon
Opinionation
Our Games
Videos
Blog
Mobile Apps
Partnerships
Remove Ads and Go Orange
Feedback
Miscellaneous
Crossword
General Knowledge
Baby Names
Logo
Food
Cars
Numbers
Grab Bag
University
College
Popular
Company
Slogans
Restaurants
Justice
Letter
Miscellaneous
Crossword
General Knowledge
Baby Names
Logo
Food
Cars
Numbers
Grab Bag
University
College
Popular
Company
Slogans
Restaurants
Justice
Letter
Random Quiz
Search Sporcle
×
Quiz Lab
Quiz Lab
Miscellaneous
Anime
Type in answers that appear in a list
Type in answers that appear in a list
Classic
Best Score? Go Orange.
My Hero Academia Quirks [Warning Some Spoilers] Stats
Can you name My Hero Academia Quirks for each random character
By
evannegron
15m
26 Questions
2,346 Plays
2,346 Plays
2,346 Plays
Comments
Comments
Give Quiz Kudos
Give Quiz Kudos
-
- Ratings
hide this ad
More Info
Replay
Link that replays current quiz
Next Quiz
Link to next quiz in quiz playlist
You Got
0%
They Got
Avg Score
69%
Avg Friend Score
Upgrade to see
Score Distribution
Jump to the score distribution portion of the page
Score
0/26
Timer
15:00
0
Plays Today
Character
Quirk
% Correct
Izuku “Deku” Midoriya
One for All
99%
Toshinori Yagi
One for All
99%
Tsuyu Asui
Frog
94.2%
Ochaco Uraraka
Zero Gravity
94.1%
Katsuki “Kacchan” Bakugo
Explosion
89.7%
Endeavor
Hellflame
89.6%
Shoto Todoroki
Half Hot and Half Cold
86.9%
Mina Ashido
Acid
86.4%
Shota Aizawa
Erasure
85.2%
Tenya Iida
Engine
84.7%
Kyoka Jiro
Earphone Jack
83.8%
Thirteen
Black Hole
80.5%
Neito Monoma
Copy
77.1%
Character
Quirk
% Correct
Tomura Shigaraki (Tenko Shimura)
Decay
76.2%
Hizashi Yomada
Voice
69.6%
Mei Hustume
Zoom
64.3%
Koji Koda
Anivoice
63.2%
Himiko Toga
Transform
58.4%
Nezu
High Spec
58.1%
Mirio Togata
Permeation
55.3%
Snipe
Homing
38.7%
Camie Utsushimi
Glamour
38.4%
Tomoko Shiretoko
Search
36%
Yui Kodai
Size
32.6%
Juzo Honenuki
Softening
30%
Shikkui Makabe
Stiffening
25.8%
Quiz Playlist
Details
Report
Send in Message
Add To Playlist
More Info:
[Warning Some Spoilers Ahead] ✋⚠️🛑 This quiz has random My Hero Academia characters listed; your job is to name their quirk.
Classic:
Type in answers that appear in a list
Last Updated: Jul 18, 2019
Quiz Scoreboard
CHALLENGE
Sign Up to Join the Scoreboard
Show All
Scores
Hide
Comments
May contain spoilers
Recently Published
9x9 Crossword: Cartoon Network
by jackfrog10
Miscellaneous
3m
College Basketball Coaching Resumes
by pancakes188
Sports
9m
Billboard Blitz: Fleetwood Mac
by CooCooCachoo
Music
15s
More to Explore
Quiz From the Vault
Featured Blog Post
Where Did the Easter Bunny Come From?
hide this ad
You Might Also Like...
Tags
Anime Quiz
My Hero Academia
Super Powers
Today's Top Quizzes in Miscellaneous
Browse Miscellaneous
hide this ad
Today's Top Quizzes in Anime
Browse Anime
Top Contributed Quizzes in Miscellaneous
1
5-to-1: Fast Food
2
The JOE quick-fire general knowledge quiz: Day 174
3
The JOE quick-fire general knowledge quiz: Day 173
4
5-to-1: Cocktails
5
The JOE quick-fire general knowledge quiz: Day 172
6
Sunday Crossword: Famous Bodies of Water
7
The JOE quick-fire general knowledge quiz: Day 171
8
Named After an Animal - Odd One Out!
9
One Thing in Common: United Kingdom II
10
The JOE quick-fire quiz: Day 170
Explore More
Trending Topics
Kpop
Anime
Disney
Marvel
NBA
Harry Potter
Crossword
The Office
Country
Pokémon
Puzzle
NFL
Song
WWE
Soccer
hide this ad
More By:
evannegron
Quiz
Plays
Rating
Category
Featured
Created
My Hero Academia Quirks [Warning Some Spoilers]
2,346
2.80
Miscellaneous
Jul 18, 2019
Go to Creator's Profile
Score Distribution
Quiz Creator Spotlight
evannegron
Follow
Send a Message
Quizzes Created
-
Created Quiz Play Count
-
More By This Creator
Popular Quizzes Today
1
Find the US States - No Outlines Minefield
2
Find the Countries of Europe - No Outlines Minefield
3
The Countries of the World
4
Find the US States
5
Risky Map Clicking: Biggest States A-Z
6
US States
7
Popular People in 1961
8
Movies - When Are They Set?
More Miscellaneous Quizzes
Bonus Round Blitz! - Slogans II
Quiz Lab
Trending Quizzes
Risky Map Clicking: Least Populous States A-Z
1-10 Letter G Words
1-10 Letter F Words
Risky Map Clicking: Next State Alphabetically
Adjectives in 80s TV Shows
Recently Updated
Leaping Animals
pecheneg
Reality TV Shows (A-Z)
bhenderson79
Rickey Henderson's Hall of Fame Teammates
pecheneg
Champions League XIs: Arsenal
pecheneg
Quick Pick: Celebrities in WWE's Hall of Fame
aduchscher
A-Z Keypad Blitz II
pecheneg
Multiple Oscar Actors
pecheneg
Mystery Phrase Blitz: Oscar 'Best Actors'
pecheneg
F. Scott Fitzgerald Novels
LTH
Pick 3 Villains
ddd62291
Trending Topics
Marvel
Kpop
Disney
Harry Potter
NBA
Anime
Crossword
WWE
Soccer
Song
NFL
Puzzle
Country
Pokémon
The Office
Your Account Isn't Verified!
In order to create a playlist on Sporcle, you need to verify the email address you used during registration. Go to your
Sporcle Settings
to finish the process.
Report this User
Report this user for behavior that violates our
Community Guidelines
.
Details:
Send Report
Go to the Sporcle.com Mobile Site →
Comments